| 000 | 00840nam a22002177a 4500 | ||
|---|---|---|---|
| 005 | 20251128124218.0 | ||
| 010 | _aB-764027-4045 ENG-147173 BACEN25 | ||
| 020 |
_a9789354980015 _c695.00 |
||
| 035 | _aB-764027-4045 | ||
| 035 | _aEN-130705 | ||
| 037 | _bFBS Pub. | ||
| 037 |
_bDBAD _aDPL |
||
| 082 | _a158.1 | ||
| 100 |
_aPeale,Norman Vincent _985790 |
||
| 245 |
_aThe power of positive thinking / _cby Norman Vincent Peale |
||
| 260 |
_aDelhi _bWiley india _c2024 |
||
| 270 |
_aB-5, mukharjee Tower Commercial Complex, mukharjee nagar _bDelhi _e110009 |
||
| 300 |
_a287p. _c24cm(pbk) |
||
| 942 |
_2ddc _cEN _h158.1 _mPEA |
||
| 999 |
_c209532 _d209532 |
||